000 00692nam a2200241 a 4500
001 10904
003 CO-ViMGA
008 141112s2004 ck r 000 u spa d
020 _a9681905377
040 _aCO-ViMGA
_bspa
_cCO-ViMGA
082 0 4 _a869.4 S15e
100 1 _aSaramago, Jose
_914955
245 1 0 _aEl equipaje del Viajero
250 _a1
260 _aMexico,
_cAlfaguara S.A.,
_c1999
300 _a377 p.
490 _aTextos de difusión cultural - serie
650 1 4 _aCONFERENCIAS
_98011
650 1 4 _aENSAYOS PORTUGUESES
_914956
650 1 4 _aLISBOA - VIDA SOCIAL Y COSTUMBRES, ENSAYOS
_914957
650 1 4 _aVIDA COTIDIANA - ENSAYOS, CONFERENCIAS
_914958
942 _2ddc
_cBK
999 _c22124
_d22124